[Event "AUTO-OPEN-4561"]
[Site "http://www.queenalice.com/game.php?id=1847838"]
[Date "2024.11.26"]
[Round "1"]
[White "dosoldini"]
[Black "SAMOEL"]
[Result "0-1"]
[WhiteElo "1505"]
[BlackElo "2040"]

1. e4 e5 2. Bc4 Nf6 3. Nf3 Bc5 4. Nxe5 O-O 5. d4 Bb6 6. Bf4 Nxe4 7. Qf3 d5 8.
Bd3 Bxd4 9. O-O Bxb2 10. Nd2 Nxd2 11. Bxd2 Bxe5 12. Bxh7+ Kxh7 13. Qh5+ Kg8 14.
Qxe5 Nc6 15. Qg3 Qf6 16. h4 Nd4 17. Qd3 Bf5 18. Bg5 Bxd3 19. Bxf6 Bxf1 20. Bxd4
Bc4 21. f4 b6 22. h5 c5 23. Bb2 d4 0-1

[Event "AUTO-ADV-4797"]
[Site "http://www.queenalice.com/game.php?id=1851073"]
[Date "2025.1.25"]
[Round "2"]
[White "maurice916"]
[Black "SAMOEL"]
[Result "1-0"]
[WhiteElo "1898"]
[BlackElo "2069"]

1. Nf3 c5 2. b3 d5 3. Bb2 d4 4. d3 Bg4 5. Nbd2 Nf6 6. e3 e5 7. e4 Bd6 8. Be2 Nc6
9. O-O O-O 10. Nc4 Bc7 11. h3 Bh5 12. g4 Bg6 13. Nh2 b5 14. Nd2 h5 15. f4 hxg4
16. f5 Bh7 17. hxg4 Nd7 18. Rf2 Qh4 19. Rg2 Ba5 20. Ndf3 Qh3 21. Qf1 Nb4 22. c3
Nc6 23. Rc1 dxc3 24. Bxc3 Bb6 25. Kh1 b4 26. Be1 Qh6 27. Bf2 g6 28. g5 Qg7 29.
f6 Nxf6 30. gxf6 Qxf6 31. Bxc5 Bxc5 32. Rxc5 Rac8 33. Qc1 Qe6 34. Ng5 Qd7 35.
Bg4 f5 36. exf5 gxf5 37. Nxh7 Kxh7 38. Qg5 Qe6 39. Qh4+ Qh6 40. Qxh6+ Kxh6 41.
Bd1 e4 42. dxe4 fxe4 43. Rh5# 1-0

[Event "AUTO-ADV-4797"]
[Site "http://www.queenalice.com/game.php?id=1851074"]
[Date "2025.1.25"]
[Round "2"]
[White "SAMOEL"]
[Black "maurice916"]
[Result "1-0"]
[WhiteElo "2046"]
[BlackElo "1963"]

1. e4 c6 2. Nf3 d5 3. e5 Bg4 4. h3 Bd7 5. b4 e6 6. c3 a5 7. bxa5 Rxa5 8. d4 c5
9. Bd2 Nc6 10. Be2 cxd4 11. cxd4 Ra8 12. O-O Qb6 13. Bc3 Nge7 14. Nbd2 g6 15.
Bd3 Bg7 16. Qc2 Qa7 17. Nb3 Rc8 18. Qb2 O-O 19. Nc5 b6 20. Nxd7 Qxd7 21. Bb5 Qb7
22. Bd2 Rfd8 23. Bg5 Rf8 24. Rac1 Na7 25. Bd3 Nec6 26. Qd2 f6 27. Qe2 fxg5 28.
Nxg5 Qe7 29. Qg4 Rfe8 30. a4 Nxd4 31. h4 Nf5 32. h5 Bxe5 33. hxg6 hxg6 34. Nf3
Bg7 35. Qxg6 Qf6 36. Qg4 Nc6 37. Rfe1 Nh6 38. Qh5 Rf8 39. Bb5 Ne7 40. Rxc8 Rxc8
41. Bd7 Rd8 42. Bxe6+ Kh8 43. Ng5 Rf8 44. Nf3 d4 45. Bc4 Ng6 46. Qh2 Ne5 47.
Rxe5 Qc6 48. Bb5 Qc3 49. Rd5 Qc1+ 50. Bf1 Kg8 51. Qg3 Kh8 52. Qg6 Rg8 53. Ng5
Qxg5 54. Rxg5 1-0

[Event "AUTO-ADV-4797"]
[Site "http://www.queenalice.com/game.php?id=1851075"]
[Date "2025.1.25"]
[Round "2"]
[White "bdpq"]
[Black "SAMOEL"]
[Result "0-1"]
[WhiteElo "1612"]
[BlackElo "2065"]

1. e4 e5 2. d4 exd4 3. Qxd4 Nc6 4. Qe3 d6 5. Bd2 Nf6 6. Bb5 Be7 7. Bxc6+ bxc6 8.
Nf3 O-O 9. O-O Re8 10. Bc3 d5 11. exd5 cxd5 12. Nbd2 c5 13. Ne5 Bd6 14. f4 d4
15. Bxd4 cxd4 16. Qg3 Bc5 17. Rfe1 d3+ 18. Kh1 dxc2 19. Qc3 Bf5 20. Nc6 Rxe1+
21. Rxe1 Qd6 22. Na5 Bb4 23. Nac4 Qxd2 24. Nxd2 Bxc3 25. bxc3 Rd8 0-1

[Event "AUTO-ADV-4797"]
[Site "http://www.queenalice.com/game.php?id=1851076"]
[Date "2025.1.25"]
[Round "2"]
[White "SAMOEL"]
[Black "bdpq"]
[Result "1-0"]
[WhiteElo "2067"]
[BlackElo "1701"]

1. e4 d5 2. e5 e6 3. Nf3 Nc6 4. d4 Bd7 5. Bd3 g6 6. Bg5 f6 7. exf6 Nxf6 8. c3
Be7 9. Bh6 Bd6 10. Qd2 Qe7 11. O-O Ng4 12. Bg5 Nf6 13. Bb5 O-O-O 14. Bxc6 Bxc6
15. Ne5 Bxe5 16. dxe5 Qf7 17. Bxf6 Bb5 18. Bxd8 Rxd8 19. Rd1 Bc6 20. b4 Ba4 21.
Re1 b6 22. Qd4 Rf8 23. Nd2 h5 24. Nf3 Bc2 25. a4 Bf5 26. a5 Bg4 27. Ng5 Qf5 28.
Nh7 Rh8 29. Nf6 Bh3 30. Qe3 Bg4 31. axb6 Kb7 32. Rxa7+ Kc6 33. Rxc7+ Kb5 34. Ra1
Ra8 35. Qc5# 1-0

[Event "AUTO-OPEN-4586"]
[Site "http://www.queenalice.com/game.php?id=1855107"]
[Date "2025.4.6"]
[Round "1"]
[White "bmax"]
[Black "SAMOEL"]
[Result "1-0"]
[WhiteElo "2263"]
[BlackElo "2057"]

1. d4 d5 2. Bf4 e6 3. Nf3 Bd6 4. Bg3 Nf6 5. e3 Ne4 6. Bd3 f5 7. Bh4 Be7 8. Bxe7
Qxe7 9. Ne5 O-O 10. O-O c5 11. c3 c4 12. Bc2 Nd7 13. f4 Ndf6 14. Nd2 b5 15. Bxe4
fxe4 16. a3 Ne8 17. Qh5 Rf5 18. Qg4 Nf6 19. Qg3 Nh5 20. Qf2 Nf6 21. h3 Rh5 22.
a4 Bd7 23. b3 cxb3 24. Nxb3 bxa4 25. Nc5 Bb5 26. Rfb1 a6 27. Nxa4 Nd7 28. Nxd7
Qxd7 29. Nb6 Qe8 30. Nxa8 Bd3 31. Rb6 Qxa8 32. Rxe6 Qc8 33. f5 Qxc3 34. f6 Qxa1+
35. Kh2 Bb5 36. f7+ Kf8 37. Rb6 Qf1 38. Rb8+ Ke7 39. f8=Q+ Kd7 40. Q8f7+ Kc6 41.
Qb7+ Kd6 42. Rd8+ Ke6 43. Qbf7# 1-0

[Event "AUTO-OPEN-4586"]
[Site "http://www.queenalice.com/game.php?id=1855108"]
[Date "2025.4.6"]
[Round "1"]
[White "SAMOEL"]
[Black "bmax"]
[Result "0-1"]
[WhiteElo "2049"]
[BlackElo "2269"]

1. e4 c6 2. Nf3 d5 3. e5 Bg4 4. h3 Bxf3 5. Qxf3 e6 6. c3 c5 7. c4 Nc6 8. Qf4
Nge7 9. cxd5 Nxd5 10. Qg3 Qc7 11. Bb5 Ne7 12. O-O O-O-O 13. Nc3 Nd4 14. Ba4 Nef5
15. Qg4 Qxe5 16. d3 h5 17. Qe4 Qxe4 18. Nxe4 Ne2+ 19. Kh1 Rxd3 20. Bb5 Nxc1 21.
Raxc1 Rd4 22. Nxc5 Bxc5 23. Rxc5+ Kb8 24. Rfc1 Nd6 25. Bf1 Rd2 26. f3 Rxb2 27.
a4 Rc8 28. Kh2 Rxc5 29. Rxc5 h4 30. a5 a6 31. Rh5 Nf5 32. Bd3 g6 33. Rg5 Rd2 34.
Bf1 Ne3 35. Kg1 Rd1 36. Kf2 Nxf1 37. Ke2 Ra1 38. Rg4 Ng3+ 39. Kf2 Nf5 40. Re4
Rxa5 41. Rc4 b5 42. Rc2 b4 43. Rc4 b3 44. Rc1 Ra2+ 45. Kg1 b2 46. Rb1 Ra1 0-1

[Event "AUTO-OPEN-4586"]
[Site "http://www.queenalice.com/game.php?id=1855135"]
[Date "2025.4.6"]
[Round "1"]
[White "harvir"]
[Black "SAMOEL"]
[Result "0-1"]
[WhiteElo "1603"]
[BlackElo "2014"]

1. d4 d5 2. c4 dxc4 3. Nf3 Bg4 4. Ne5 Be6 5. e3 b5 6. a4 c6 7. axb5 cxb5 8. Nc3
Bd7 9. Qf3 Nf6 10. Qxa8 e6 11. Nxd7 Nfxd7 12. Rxa7 Nb6 13. Qb7 N8d7 14. Nxb5
Bb4+ 15. Nc3 O-O 16. Bxc4 Nf6 17. Bxe6 Bxc3+ 18. bxc3 h6 19. Bxf7+ Kh8 20. Be6
Nh5 21. g4 Qf6 22. gxh5 Qxf2+ 23. Kd1 Qf6 24. Ba3 Qf3+ 25. Qxf3 Rxf3 26. Rg1
Rxe3 27. Bf8 Rxe6 28. Bxg7+ Kg8 29. Bxh6+ Kh8 30. Rgg7 Rxh6 31. Rgb7 Rc6 32.
Rb8+ Nc8 33. Raa8 Kg7 34. Rxc8 Re6 35. Rg8+ Kh6 36. Rh8+ Kg5 37. h6 Kf4 38. h7
Ke3 39. Rhe8 Rxe8 40. Rxe8+ Kd3 41. d5 Kxc3 42. d6 Kb3 43. Rc8 Kb2 44. h8=Q+ Ka2
45. Rc2+ Kb3 46. Qb8+ Ka3 47. d7 Ka4 0-1

[Event "AUTO-OPEN-4586"]
[Site "http://www.queenalice.com/game.php?id=1855136"]
[Date "2025.4.6"]
[Round "1"]
[White "SAMOEL"]
[Black "harvir"]
[Result "1-0"]
[WhiteElo "2000"]
[BlackElo "1420"]

1. e4 d6 2. Nf3 Nf6 3. Bc4 e6 4. O-O Be7 5. Nc3 c6 6. d4 O-O 7. e5 Nd5 8. Qe2 f5
9. Bd3 Nxc3 10. bxc3 d5 11. c4 b6 12. cxd5 cxd5 13. c4 Bb7 14. Qb2 h5 15. Qd2
Nd7 16. Qf4 dxc4 17. Bxc4 Bd5 18. Bxd5 exd5 19. Qg3 f4 20. Bxf4 Qe8 21. e6 Nf6
22. h3 Ne4 23. Qh2 Bb4 24. Ng5 Nxg5 25. Bxg5 Qxe6 26. Bf4 Bc3 27. Rad1 Rac8 28.
Be5 Rf5 29. f4 Rc4 30. Qg3 Bb4 31. Qxg7# 1-0

[Event "AUTO-OPEN-4586"]
[Site "http://www.queenalice.com/game.php?id=1855155"]
[Date "2025.4.6"]
[Round "1"]
[White "SAMOEL"]
[Black "MarcosT"]
[Result "1-0"]
[WhiteElo "2038"]
[BlackElo "2104"]

1. e4 e5 2. Nf3 Nf6 3. Bc4 Bc5 4. O-O Nxe4 5. Nc3 Nf6 6. Nxe5 d5 7. Bb3 Nc6 8.
Nxc6 bxc6 9. d4 Be7 10. Qf3 O-O 11. Qg3 Ng4 12. h3 Bh4 13. Qf3 Nf6 14. g3 Bxh3
15. Re1 Ng4 16. Ne2 Be7 17. Nf4 Nxf2 18. Kxf2 Be6 19. Rh1 Bg5 20. Qh5 h6 21.
Nxe6 fxe6+ 22. Kg2 Bxc1 23. Raxc1 Qf6 24. Rcf1 Qxd4 25. c3 Qe4+ 26. Kh2 Rf5 27.
Rxf5 exf5 28. Bd1 Rf8 29. Rf1 f4 30. gxf4 Rf5 31. Qg4 Rf6 32. Rf2 Qe3 33. Rg2
Qe7 34. Bc2 Kh8 35. Re2 Qf8 36. Bg6 Qd6 37. Re8+ 1-0

[Event "AUTO-OPEN-4586"]
[Site "http://www.queenalice.com/game.php?id=1855156"]
[Date "2025.4.6"]
[Round "1"]
[White "MarcosT"]
[Black "SAMOEL"]
[Result "1-0"]
[WhiteElo "1972"]
[BlackElo "2057"]

1. d4 d5 2. e3 e6 3. Bd3 Nf6 4. Nd2 Bd6 5. f4 O-O 6. Ngf3 b6 7. O-O Nc6 8. c3
Ne7 9. Ne5 c5 10. Rf3 c4 11. Bc2 Nf5 12. Rh3 g6 13. g4 Ng7 14. Ndf3 Bb7 15. g5
Nfh5 16. Nd2 f6 17. Nxg6 hxg6 18. Bxg6 Nxf4 19. exf4 Bxf4 20. Qg4 fxg5 21. Nf3
Qf6 22. Rh8+ Kxh8 23. Qh3+ Kg8 24. Qh7# 1-0

[Event "AUTO-OPEN-4561"]
[Site "http://www.queenalice.com/game.php?id=1855325"]
[Date "2025.4.10"]
[Round "2"]
[White "gizmokaka"]
[Black "SAMOEL"]
[Result "1-0"]
[WhiteElo "2777"]
[BlackElo "2042"]

1. c4 e5 2. Nc3 Bc5 3. e3 Nf6 4. Nf3 Nc6 5. Nxe5 O-O 6. Nf3 a5 7. d4 Bb4 8. Bd3
d5 9. cxd5 Nxd5 10. Bd2 Bg4 11. h3 Bh5 12. a3 Nxc3 13. bxc3 Bd6 14. a4 Ne7 15.
Rb1 Nd5 16. e4 Ne7 17. e5 Bxe5 18. g4 Bg6 19. Nxe5 Bxd3 20. Nxd3 b6 21. O-O Nc8
22. Re1 Nd6 23. Bf4 Re8 24. Ne5 f6 25. Qb3+ Kh8 26. Nf7+ Nxf7 27. Qxf7 Rg8 28.
Bxc7 Qc8 29. Re7 Ra7 30. d5 Qf8 31. Qxf8 Rxf8 32. d6 Kg8 33. Rxb6 h6 34. c4 Raa8
35. d7 Kh7 36. Kg2 Kg6 37. Rd6 Kg5 38. Rxg7+ Kf4 39. Rd4# 1-0

[Event "AUTO-OPEN-4561"]
[Site "http://www.queenalice.com/game.php?id=1855326"]
[Date "2025.4.10"]
[Round "2"]
[White "SAMOEL"]
[Black "gizmokaka"]
[Result "0-1"]
[WhiteElo "2059"]
[BlackElo "2778"]

1. e4 e5 2. Nf3 Nc6 3. Bc4 Nf6 4. Ng5 d5 5. exd5 Na5 6. Bb3 h6 7. Nf3 e4 8. Nd4
Nxb3 9. axb3 Bc5 10. Ne2 Ng4 11. O-O Qh4 12. h3 Nxf2 13. Rxf2 Qxf2+ 14. Kh1 Bxh3
15. Nf4 Bg4 16. d4 exd3 17. Nxd3 Qh4# 0-1

[Event "AUTO-ADV-4821"]
[Site "http://www.queenalice.com/game.php?id=1856934"]
[Date "2025.5.8"]
[Round "2"]
[White "SAMOEL"]
[Black "MarcosT"]
[Result "0-1"]
[WhiteElo "2002"]
[BlackElo "2051"]

1. e4 e5 2. Nf3 Nf6 3. Bc4 Nxe4 4. Qe2 d5 5. Bb3 Bc5 6. O-O Bg4 7. h3 Be6 8.
Nxe5 Nc6 9. Nxc6 bxc6 10. c3 Ng3 11. Qe5 Nxf1 12. Qxg7 Rf8 13. Kxf1 Qe7 14. d4
Bd6 15. Nd2 O-O-O 16. Nf3 Qe8 17. Bg5 Rd7 18. Bf6 Bf5 19. Qg5 Bd3+ 20. Kg1 Rg8
21. Qh4 Rg6 22. Be5 Be4 23. Bxd6 Rdxd6 24. Ng5 Bxg2 25. Kh2 Kb8 26. Kxg2 Rxg5+
27. Kh2 Rdg6 28. Bc2 Rg2+ 29. Kh1 Rg7 30. Bf5 R2g5 31. Bg4 Qg8 32. f3 f5 33. Bh5
Rg1+ 34. Rxg1 Rxg1+ 35. Kh2 Qg2# 0-1

[Event "AUTO-ADV-4821"]
[Site "http://www.queenalice.com/game.php?id=1856935"]
[Date "2025.5.8"]
[Round "2"]
[White "MarcosT"]
[Black "SAMOEL"]
[Result "0-1"]
[WhiteElo "2103"]
[BlackElo "1994"]

1. d4 d5 2. e3 e6 3. Bd3 Nf6 4. Nd2 Bd6 5. f4 O-O 6. Ngf3 c5 7. c3 c4 8. Bc2 b5
9. O-O Ng4 10. Bxh7+ Kh8 11. Ng5 Nh6 12. Bc2 f6 13. Qh5 Qe8 14. Bg6 Qe7 15. Ndf3
Bd7 16. e4 dxe4 17. Nh4 Be8 18. Bxe8 Qxe8 19. Ng6+ Kg8 20. Nxe4 Bc7 21. g4 f5
22. Nxf8 Qxh5 23. gxh5 Kxf8 24. Ng5 Bb6 25. Nxe6+ Kg8 26. Be3 Ng4 27. Bd2 Nd7
28. h3 Ngf6 29. Kg2 Re8 30. Rae1 Ne4 31. Bc1 Rxe6 32. Be3 Rh6 33. a4 a6 34. axb5
axb5 35. Ra1 Rxh5 36. Ra8+ Kh7 37. Re1 Rh6 38. Rea1 Rg6+ 39. Kh2 Rg3 40. Re1
Ndf6 41. Rb8 Nd5 42. Bc1 Rf3 43. Kg2 Rg3+ 44. Kh2 Rf3 45. Rb7 Bc7 46. Rxb5 Nxf4
47. Bxf4 Bxf4+ 48. Kg2 Rf2+ 49. Kh1 Rd2 50. b3 Bh2 51. Re3 cxb3 52. Rxb3 Ng3+
53. Rxg3 Bxg3 54. c4 f4 55. d5 Rh2+ 56. Kg1 Rxh3 57. Kg2 Rh2+ 58. Kf3 Rc2 59.
Rb4 Kg6 60. Rb6+ Kf5 61. Rc6 Rc3+ 62. Kg2 g5 63. d6 Kg4 0-1

[Event "AUTO-ADV-4821"]
[Site "http://www.queenalice.com/game.php?id=1856936"]
[Date "2025.5.8"]
[Round "2"]
[White "SAMOEL"]
[Black "Olipika"]
[Result "0-1"]
[WhiteElo "2042"]
[BlackElo "1902"]

1. e4 c5 2. Bc4 Nc6 3. Nf3 g6 4. d4 Bg7 5. d5 Ne5 6. Nxe5 Bxe5 7. O-O Qc7 8. f4
Bg7 9. e5 d6 10. e6 fxe6 11. dxe6 a6 12. a4 b6 13. Nc3 Bb7 14. Bd5 Bxd5 15. Nxd5
Qb7 16. Qf3 O-O-O 17. a5 b5 18. Nb6+ Kb8 19. Nd7+ Ka7 20. c3 Rxd7 21. exd7 Qxd7
22. Be3 Nf6 23. b4 Rc8 24. Rfd1 Qc7 25. Rd3 Kb8 26. bxc5 dxc5 0-1

[Event "AUTO-ADV-4821"]
[Site "http://www.queenalice.com/game.php?id=1856937"]
[Date "2025.5.8"]
[Round "2"]
[White "Olipika"]
[Black "SAMOEL"]
[Result "1-0"]
[WhiteElo "1924"]
[BlackElo "2020"]

1. c4 e5 2. Nc3 Bc5 3. g3 Nf6 4. Bg2 Ng4 5. e3 d6 6. h3 Nf6 7. d4 exd4 8. exd4
Bb6 9. a3 O-O 10. b4 a6 11. c5 dxc5 12. dxc5 Re8+ 13. Nge2 Ba7 14. O-O Qxd1 15.
Rxd1 c6 16. Be3 Bf5 17. Nd4 Bg6 18. Na4 Nbd7 19. Nb6 Nxb6 20. cxb6 Bxb6 21. Nxc6
Bxe3 22. fxe3 Rxe3 23. Rd8+ Rxd8 24. Nxd8 Rxg3 25. Nxb7 Be4 26. Ra2 Bxb7 27. Kh2
1-0

[Event "AUTO-ADV-4821"]
[Site "http://www.queenalice.com/game.php?id=1856938"]
[Date "2025.5.8"]
[Round "2"]
[White "SAMOEL"]
[Black "game"]
[Result "1-0"]
[WhiteElo "1988"]
[BlackElo "1746"]

1. e4 e5 2. Nf3 d6 3. Bc4 Bg4 4. h3 Be6 5. Bxe6 fxe6 6. d4 Nf6 7. dxe5 dxe5 8.
Qxd8+ Kxd8 9. Nxe5 Nxe4 10. Nf7+ Kd7 11. Nxh8 Bc5 12. O-O Nc6 13. Nf7 Rf8 14.
Ng5 Bxf2+ 15. Rxf2 Nxf2 16. Nc3 Nd4 17. Be3 Nxc2 18. Nxh7 Rf7 19. Ng5 Rf5 20. g4
Nxh3+ 21. Nxh3 Rf3 22. Rd1+ Ke7 23. Bg5+ Kf7 24. Kg2 Rxh3 25. Kxh3 a5 26. Nb5 c6
27. Nd6+ Kg6 28. Bd8 Ne3 29. Re1 Nd5 30. Rxe6+ Kh7 31. Nxb7 Nf4+ 32. Kg3 Nxe6
33. Bxa5 g5 34. Bd2 Kh6 35. a4 Kg7 36. a5 Nc7 37. Nd8 Kg6 38. Nxc6 Ne6 39. a6
Nc7 40. a7 Kf7 41. Bxg5 Ke8 42. Bf4 Na8 43. b4 Kd7 44. Na5 Nb6 45. b5 1-0

[Event "AUTO-ADV-4821"]
[Site "http://www.queenalice.com/game.php?id=1856939"]
[Date "2025.5.8"]
[Round "2"]
[White "game"]
[Black "SAMOEL"]
[Result "0-1"]
[WhiteElo "1509"]
[BlackElo "2040"]

1. e4 e5 2. Bc4 Nf6 3. Nf3 Bc5 4. Ng5 O-O 5. O-O d6 6. g3 Bg4 7. Be2 Bxe2 8.
Qxe2 Nc6 9. Nc3 Nd4 10. Qd3 Ng4 11. h4 Qf6 12. Nd5 Qh6 13. Qc4 c6 14. Ne7+ Kh8
15. d3 Ne6 16. Kg2 Nxg5 17. Rh1 Qf6 18. Nf5 Ne6 19. Bg5 Nxg5 20. hxg5 Qxg5 21.
Rh3 Nxf2 22. Rh2 g6 23. Nh6 Qd2 24. Nxf7+ Kg7 25. Nh6 Ng4+ 26. Kh3 Qxh2+ 27.
Kxg4 Qxh6 28. b4 Qh5# 0-1

[Event "AUTO-OPEN-4608"]
[Site "http://www.queenalice.com/game.php?id=1861327"]
[Date "2025.8.9"]
[Round "1"]
[White "cerenzo72"]
[Black "SAMOEL"]
[Result "1-0"]
[WhiteElo "2114"]
[BlackElo "2031"]

1. e4 e5 2. Nf3 Bc5 3. Nxe5 Nc6 4. Nxc6 dxc6 5. c3 Nf6 6. d4 Bb6 7. e5 Qe7 8.
Bg5 h6 9. Bh4 g5 10. Bg3 Ne4 11. Qf3 f5 12. exf6 Nxf6+ 13. Be2 Bg4 14. Qd3 Bxe2
15. Qxe2 Qxe2+ 16. Kxe2 O-O-O 17. Re1 Rde8+ 18. Kf1 Rhf8 19. Nd2 h5 20. Rxe8+
Nxe8 21. Re1 Nf6 22. Nc4 Ng4 23. h3 h4 24. hxg4 hxg3 25. f3 a6 26. Nd2 c5 27. d5
Rh8 28. Ne4 Rd8 29. c4 Ba5 30. Re2 Rh8 31. Kg1 b5 32. Nxg3 bxc4 33. Ne4 c3 34.
bxc3 c4 35. g3 Bb6+ 36. Kg2 Kd7 37. Nxg5 Rg8 38. f4 Kd6 39. Re5 a5 40. Ne4+ Kd7
41. Nf6+ Kd6 42. Nxg8 Kc5 43. g5 Kb5 44. d6+ Ka4 45. d7 c6 46. Ne7 Ka3 47. Re2
a4 48. Nxc6 Bf2 49. d8=Q Bxg3 50. Qd6# 1-0

[Event "AUTO-OPEN-4608"]
[Site "http://www.queenalice.com/game.php?id=1861328"]
[Date "2025.8.9"]
[Round "1"]
[White "SAMOEL"]
[Black "cerenzo72"]
[Result "0-1"]
[WhiteElo "2031"]
[BlackElo "2104"]

1. e4 e5 2. Nf3 d6 3. h3 Nf6 4. Bc4 Be7 5. d3 O-O 6. O-O Nc6 7. c3 a6 8. a4 Bd7
9. Ng5 h6 10. Nf3 Na5 11. Ba2 c5 12. Nh2 Rb8 13. f4 exf4 14. Bxf4 b5 15. axb5
axb5 16. Qf3 Bc6 17. Qg4 Nxg4 0-1

[Event "AUTO-OPEN-4608"]
[Site "http://www.queenalice.com/game.php?id=1861354"]
[Date "2025.8.9"]
[Round "1"]
[White "SAMOEL"]
[Black "rmvwoods"]
[Result "1-0"]
[WhiteElo "2018"]
[BlackElo "1950"]

1. e4 e5 2. Nf3 Nc6 3. Bc4 Nf6 4. Ng5 d5 5. exd5 Nd4 6. c3 b5 7. cxd4 bxc4 8.
dxe5 Qe7 9. O-O Nxd5 10. d4 cxd3 11. Qxd3 c6 12. Bd2 h6 13. Ne4 Bd7 14. Ba5 Nf4
15. Qd2 g5 16. Nd6+ 1-0